| 000 -ლიდერი |
| ფიქსირებული სიგრძის საკონტროლო ველი |
01228nam a22002177a 4500 |
| 003 - საკონტროლო ნომრის იდენტიფიკატორი |
| საკონტროლო ველი |
Ge_BSU |
| 005 - ბოლო ოპერაციის თარიღი და დრო |
| საკონტროლო ველი |
20250529150001.0 |
| 008 - ფიქსირებული სიგრძის მონაცემთა ელემენტები - ზოგადი ინფორმაცია |
| ფიქსირებული სიგრძის საკონტროლო ველი |
250529s2022 ge ||||| |||| 00| 0 geo d |
| 020 ## - წიგნის საერთაშორისო სტანდარტული ნომერი |
| International Standard Book Number |
9789941843822 |
| 041 ## - ენის კოდი |
| Language code of text/sound track or separate title |
გეო |
| 080 ## - უნივერსალური ათობითი კლასიფიკაციის ინდექსი |
| Universal Decimal Classification number |
159.923 : 316.62 : 17.035.11 ფ-94 |
| 100 ## - მთავარი ჩანაწერი - პიროვნების სახელი |
| Personal name |
ფროიდი, ზიგმუნდ |
| 9 (RLIN) |
25172 |
| 245 ## - ცნობა სათაურის შესახებ |
| Title |
ილუზიის მომავალი; სიზმართხილვის შესახებ; მასების ფსიქოლოგია და ეგოს ანალიზი / |
| Statement of responsibility, etc |
ზიგმუნდ ფროიდი; მთარგმნელი ვახტანგ გორგიშელი; რედაქტორი დიმიტრი უჩანეიშვილი. |
| 264 ## - წარმოების, გამოცემის, დისტრიბუციის და სხვა ცნობები |
| გამოცემის, წარმოების, დისტრიბუციის... ადგილი |
თბილისი : |
| გამოცემის, წარმოების, დისტრიბუციის... სახელწოდება |
აქტი, |
| გამოცემის, წარმოების, დისტრიბუციის... თარიღი |
2022. |
| 300 ## - ფიზიკური აღწერა |
| Extent |
216 გვ. ; |
| Other physical details |
21 სმ. |
| 653 ## - INDEX TERM--UNCONTROLLED |
| Uncontrolled term |
მასების ფსიქოლოგია |
| 653 ## - INDEX TERM--UNCONTROLLED |
| Uncontrolled term |
ეგოიზმი |
| 700 ## - ADDED ENTRY--PERSONAL NAME |
| Personal name |
გორგიშელი, ვახტანგ |
| Relator term |
მთარგმნელი |
| 9 (RLIN) |
13944 |
| 700 ## - ADDED ENTRY--PERSONAL NAME |
| Personal name |
უჩანეიშვილი, დიმიტრი |
| Relator term |
რედაქტორი |
| 9 (RLIN) |
13895 |
| 942 ## - ADDED ENTRY ELEMENTS (KOHA) |
| Source of classification or shelving scheme |
|
| Koha item type |
წიგნი |